| 000 | 00642nam a2200169 a 4500 | ||
|---|---|---|---|
| 001 | 1757 | ||
| 003 | CDMR | ||
| 005 | 20131212153341.0 | ||
| 008 | 130130s1980||||||||||||||||||||||||||||d | ||
| 040 |
_aCDMR _bcat _cCDMR |
||
| 245 | 0 | 3 |
_aEl terrorismo y los medios de comunicación social desde el punto de vista de la defensa nacional _b: jornadas de estudio : Madrid, noviembre de 1980 |
| 260 |
_aMadrid _c1980 _bCentro Superior de Estudios de la Defensa Nacional |
||
| 300 |
_a92 p. _c26 cm |
||
| 650 | 0 | 4 |
_91994 _aTerrorisme i mitjans de comunicació de massa |
| 710 | 2 |
_91317 _aCentro Superior de Estudios de la Defensa Nacional |
|
| 942 |
_cMON _2udc |
||
| 999 |
_c1757 _d1757 |
||